[Event "Klubbmesterskapet 2014 (B)"]
[Site "Ås, Akershus NOR"]
[Date "2014.01.23"]
[Round "2"]
[White "Olsen, Trygve"]
[Black "Simonsen, Steinar"]
[Result "0-1"]
[WhiteElo "1245"]
[BlackElo "1333"]
[Annotator "Lea, Per"]
[PlyCount "112"]
[EventDate "2014.01.16"]

1. e4 e6 2. Nf3 d5 3. e5 c5 4. c4 Ne7 5. Bd3 dxc4 6. Qa4+ Nbc6 7. Qxc4 Ng6 8.
Bxg6 hxg6 9. O-O b6 10. d3 Bb7 11. Nbd2 a5 12. Qb5 Qc7 13. Nc4 Ba6 14. Qxb6
Qxb6 15. Nxb6 Rd8 16. Bg5 Be7 17. Bxe7 Kxe7 18. Nc4 Rxd3 19. Rac1 Rhd8 20. Rfe1
Nd4 21. Nxd4 R8xd4 22. Nxa5 Kd7 23. Nb3 Rxb3 {
Trusselen om springergaffel på c5 krever drastiske mottiltak} 24. axb3 Kc6 25.
Ra1 Kb5 26. h3 Rd2 27. Ra2 Bb7 28. Kh2 Rxf2 29. Rg1 f6 30. Kg3 Re2 31. exf6
gxf6 32. h4 Bd5 33. Ra7 Rxb2 34. Rg7 Rxb3+ 35. Kh2 Be4 36. Re1 Bf5 37. Rf7 c4
38. Rxf6 c3 39. Rf8 c2 40. Re5+ Kc4 41. Rc8+ Kd3 42. Rec5 Kd2 43. Rd8+ Kc1 44.
Rdc8 Kb2 45. Kg1 Ra3 46. Kf2 Ra4 47. g3 Rd4 48. Rb8+ Kc1 49. Rbc8 Kd1 50. Rc3
Rd2+ 51. Ke3 Re2+ 52. Kf4 $4 ({En stygg bukk, men også etter} 52. Kf3 {
er det hvit som sliter}) 52... e5+ 53. Kg5 Bxc8 54. Rxc8 c1=Q+ 55. Rxc1+ Kxc1
56. g4 e4 {og hvit ga opp den håpløse kampen} 0-1

[Event "Klubbmesterskapet 2014 (B)"]
[Site "Ås, Akershus NOR"]
[Date "2014.01.23"]
[Round "2"]
[White "Petersen, Rune J"]
[Black "Heien, Aksel"]
[Result "0-1"]
[WhiteElo "872"]
[BlackElo "936"]
[Annotator "Lea, Per"]
[PlyCount "63"]
[EventDate "2014.01.16"]

1. d4 d5 2. e3 Nf6 3. Nf3 Bf5 4. Nc3 e6 5. Bd2 Nbd7 6. Bd3 Ne4 7. Qe2 Nxd2 8.
Bxf5 ({Nødvendig var} 8. Nxd2) 8... exf5 $2 (8... Nxf3+ 9. Qxf3 exf5 10. Qxd5 {
og svart har en meroffiser}) 9. Nxd2 c6 10. a3 Qf6 11. f4 O-O-O 12. O-O Re8 13.
Rfe1 h6 14. Nb3 Nb6 15. Na5 Re7 16. Na4 $4 Nxa4 17. b3 Nc3 18. Qd3 Ne4 19. c4
b6 20. cxd5 bxa5 21. dxc6 Rc7 22. Rec1 g5 23. b4 axb4 24. axb4 Bxb4 25. Qa6+
Kd8 26. Rab1 Nc3 27. Rb2 Qd6 28. Qc4 Rf8 29. Rxb4 Rxc6 30. Qb3 Ne2+ 31. Kf2
Nxc1 32. Rb8+ 0-1

[Event "Klubbmesterskapet 2014 (B)"]
[Site "Ås, Akershus NOR"]
[Date "2014.01.25"]
[Round "2"]
[White "Lange, Christine"]
[Black "Lange, Magnus"]
[Result "1-0"]
[WhiteElo "510"]
[BlackElo "649"]
[PlyCount "71"]
[EventDate "2014.01.16"]

1. e4 e5 2. Nf3 Nc6 3. Bc4 Nf6 4. Nc3 Bb4 5. d3 Bxc3+ 6. bxc3 d5 7. exd5 Nxd5
8. d4 e4 9. Nd2 e3 10. fxe3 Nxc3 11. Qf3 Qh4+ 12. g3 Qh3 13. e4 Bg4 14. Qxf7+
Kd8 15. Bb2 Nxd4 16. Bxc3 Qg2 17. Qf1 Nf3+ 18. Nxf3 Bxf3 19. Qxg2 Bxg2 20. Rg1
Bxe4 21. Bxg7 Re8 22. Bf6+ Kc8 23. Kd2 Rf8 24. Rgf1 Bg2 25. Be6+ Kb8 26. Rf2 b6
27. Rxg2 Rxf6 28. Bd5 Rd6 29. c4 b5 30. Kc3 c6 31. Be4 bxc4 32. Kxc4 Kb7 33.
Rb1+ Ka6 34. Rc2 Rc8 35. Rc3 c5 36. Ra3# 1-0

[Event "Klubbmesterskapet 2014 (B)"]
[Site "Ås, Akershus NOR"]
[Date "2014.02.06"]
[Round "3"]
[White "Nissen, Ulrik"]
[Black "Aalmo, Alexander"]
[Result "0-1"]
[WhiteElo "1159"]
[BlackElo "1098"]
[PlyCount "90"]
[EventDate "2014.01.16"]

1. e4 g6 2. d4 d6 3. Nc3 Bg7 4. Bg5 Nc6 5. Nf3 Bg4 6. d5 Nb8 7. Be2 c6 8. Qd2
Qb6 9. Na4 Qc7 10. c4 f6 11. Be3 c5 12. Rb1 Bd7 13. Bd1 b5 14. cxb5 Bxb5 15. b4
Na6 16. bxc5 Rb8 17. Nd4 Bd7 18. Rxb8+ Qxb8 19. c6 Bc8 20. O-O Nc7 21. Be2 f5
22. exf5 gxf5 23. Bh5+ Kf8 24. Bg5 Nf6 25. Bxf6 Bxf6 26. Nc3 Qb4 27. Rd1 h6 28.
Nce2 Qc4 29. Nf4 Kg7 30. Qe3 Rg8 31. Bf3 Be5 32. Nd3 Bxd4 33. Qxe7+ Kh8 34.
Qxc7 Qxa2 35. Nb4 Qb3 36. Rxd4 Qxf3 37. g3 Qc3 38. Rf4 (38. Qxd6 {
og tårnet kan ikke slås pga matt på h6.} Qxd4 39. Qxh6#) 38... Qa1+ (38... Qc1+
39. Kg2 Qxf4) 39. Kg2 Qe5 40. Qxa7 Qxf4 41. Qf7 Qe4+ 42. f3 Qe2+ 43. Kg1 Qe1+
44. Kg2 Qxb4 45. Qf6+ Kh7 0-1

[Event "Klubbmesterskapet 2014 (B)"]
[Site "Ås, Akershus NOR"]
[Date "2014.03.01"]
[Round "3"]
[White "Simonsen, Steinar"]
[Black "Thowsen, Alf Geir"]
[Result "1/2-1/2"]
[WhiteElo "1333"]
[BlackElo "1173"]
[Annotator "Lea, Per"]
[PlyCount "106"]
[EventDate "2014.01.16"]

1. c4 e5 2. Nc3 Nf6 3. Nf3 Nc6 4. g3 d6 5. Bg2 Be6 6. d3 Be7 7. Qb3 Rb8 8. Nd5
O-O 9. Nxe7+ Qxe7 10. O-O Rfd8 11. Ng5 Nd4 12. Qd1 Bc8 13. Ne4 h6 14. e3 Ne6
15. Qf3 Nxe4 16. dxe4 Ng5 17. Qe2 b6 18. f4 Nh7 19. b3 Bb7 20. Bb2 Nf6 21. fxe5
dxe5 22. Rf5 Nd7 23. Rd1 f6 24. Rff1 Nc5 25. Qc2 Rd7 26. b4 Ne6 27. Bh3 Rbd8
28. Rxd7 Rxd7 29. c5 bxc5 30. bxc5 Bc6 31. Qc4 Kf7 32. Bxe5 Rd8 33. Bxe6+ $2 (
33. Bxc7 Qxc7 34. Bxe6+ Kf8 35. Bd5 $18) 33... Qxe6 34. Qxe6+ Kxe6 35. Bxc7 Rc8
$2 (35... Rd3 $1) 36. Bd6 Bxe4 37. Rc1 h5 38. Rc4 f5 39. Ra4 Ra8 40. Ra6 Bb7
41. Ra5 g5 42. Kf2 g4 43. Bc7 Bc6 44. Bd6 Be4 45. Ra3 Kd5 46. Rc3 Kc6 47. a4
Rh8 48. Rb3 h4 49. gxh4 Rxh4 50. Kg3 Rh3+ 51. Kf4 $2 Rxh2 52. a5 Rh8 $2 (52...
Rh3 $1 53. Kg5 g3 54. Bxg3 Rxg3+ $19) 53. a6 Rh7 1/2-1/2

[Event "Klubbmesterskapet 2014 (B)"]
[Site "Ås, Akershus NOR"]
[Date "2014.02.20"]
[Round "4"]
[White "Aalmo, Alexander"]
[Black "Simonsen, Steinar"]
[Result "1-0"]
[WhiteElo "1098"]
[BlackElo "1333"]
[PlyCount "59"]
[EventDate "2014.01.16"]

1. d4 d5 2. Nf3 Nf6 3. Bg5 h6 4. Bh4 e6 5. e3 Be7 6. c4 c5 7. Nc3 Nc6 8. dxc5
dxc4 9. a3 Nd5 10. Bxe7 Ncxe7 11. Qa4+ Bd7 12. Qxc4 Rc8 13. Nb5 Qa5+ 14. b4
Qxb5 15. Qxb5 Bxb5 16. Bxb5+ Nc6 17. Rc1 O-O 18. O-O f6 19. Rfd1 Kf7 20. g3
Nce7 21. e4 Nc7 22. Bc4 Kg6 23. Rd7 Nc6 24. Rcd1 Rcd8 25. Nh4+ Kh7 26. b5 Ne5
27. Rxd8 Rxd8 28. Rxd8 Nxc4 29. a4 Ne5 30. Rc8 1-0

[Event "Klubbmesterskapet 2014 (B)"]
[Site "Ås, Akershus NOR"]
[Date "2014.02.13"]
[Round "4"]
[White "Lange, Christine Julia"]
[Black "Nissen, Ulrik"]
[Result "0-1"]
[WhiteElo "510"]
[BlackElo "1159"]
[PlyCount "60"]
[EventDate "2014.01.16"]

1. e4 c5 2. Nf3 e6 3. Nc3 a6 4. Bc4 Nc6 5. d4 cxd4 6. Nxd4 Be7 7. Nxc6 bxc6 8.
O-O Nf6 9. e5 Ng8 10. Ne4 d5 11. Nd6+ Bxd6 12. exd6 dxc4 13. Qd4 Nf6 14. Rd1
O-O 15. Qxc4 Bb7 16. Bg5 h6 17. Bxf6 Qxf6 18. Rd3 a5 19. Rad1 Ba6 20. Qxc6 Bxd3
21. Rxd3 Qxb2 22. g3 Qxa2 23. c4 Qb1+ 24. Kg2 Qxd3 25. c5 Qd5+ 26. Qxd5 exd5
27. Kf3 a4 28. Ke3 a3 29. Kd4 a2 30. Kxd5 a1=Q 0-1

[Event "Klubbmesterskapet 2014 (B)"]
[Site "Ås, Akershus NOR"]
[Date "2014.02.13"]
[Round "4"]
[White "Heien, Aksel"]
[Black "Stensland, Martin"]
[Result "0-1"]
[WhiteElo "936"]
[BlackElo "1170"]
[PlyCount "44"]
[EventDate "2014.01.16"]

1. e4 e5 2. Nf3 Nc6 3. Bb5 Nd4 4. Bc4 d6 5. h3 h6 6. c3 Nxf3+ 7. Qxf3 Nf6 8. d3
Be7 9. Be3 Bd7 10. Nd2 b5 11. Bb3 a5 12. a4 bxa4 13. Bxa4 Bxa4 14. Rxa4 Qd7 15.
b3 O-O 16. O-O d5 17. d4 dxe4 18. Nxe4 Nd5 19. Nc5 Bxc5 20. dxc5 Nxc3 21. Ra3
Qb5 22. Bd2 Ne2+ 0-1

[Event "Klubbmesterskapet 2014 (B)"]
[Site "Ås, Akershus NOR"]
[Date "2014.02.13"]
[Round "4"]
[White "Olsen, Trygve"]
[Black "Garmark, Vegard"]
[Result "1-0"]
[WhiteElo "1246"]
[BlackElo "1254"]
[PlyCount "28"]
[EventDate "2014.01.16"]

1. e4 e6 2. d4 d5 3. e5 c5 4. c3 Nc6 5. Nf3 Qb6 6. Qb3 cxd4 7. Qxb6 axb6 8.
cxd4 Nb4 9. Na3 Rxa3 10. Bb5+ Bd7 11. Bxd7+ Kxd7 12. O-O Rxa2 13. Rxa2 Nxa2 14.
Ng5 Nh6 {Resten av partiet lar seg ikke rekonstruere.} 1-0

[Event "Klubbmesterskapet 2014 (B)"]
[Site "Ås, Akershus NOR"]
[Date "2014.02.13"]
[Round "4"]
[White "Aasestad, Tor Erik"]
[Black "Lange, Magnus Øyvind"]
[Result "1-0"]
[WhiteElo "876"]
[BlackElo "649"]
[PlyCount "103"]
[EventDate "2014.01.16"]

1. e4 e5 2. Nf3 Nc6 3. Nc3 Bb4 4. Bc4 d6 5. Nd5 Nf6 6. Nxb4 Nxb4 7. c3 Nc6 8.
d4 exd4 9. Nxd4 Nxd4 10. Qxd4 Qe7 11. f3 Be6 12. Bxe6 Qxe6 13. Bg5 d5 14. Bxf6
gxf6 15. Qxd5 Qxd5 16. exd5 O-O-O 17. O-O-O Rhe8 18. Rhe1 Rxe1 19. Rxe1 Rxd5
20. Re7 Re5 21. Rxf7 Re1+ 22. Kc2 Re2+ 23. Kd1 Rxg2 24. Kc1 Rxh2 25. Rxf6 Kd7
26. Rf8 h5 27. Rg8 Rf2 28. Rg7+ Kc6 29. Rh7 Rf1+ 30. Kc2 Rf2+ 31. Kb3 Rh2 32.
Ka3 a5 33. Ka4 Kb6 34. Kb3 Kb5 35. a4+ Kc6 36. Kc4 Rh4+ 37. Kb3 Kb6 38. c4 Rh3
39. Kc2 Rh2+ 40. Kd3 Kc5 41. Rxc7+ Kd6 42. Rh7 h4 43. Ke3 Rh3 44. Rh5 Rh1 45.
Kf4 h3 46. Kg3 Rg1+ 47. Kh2 Rf1 48. Rxh3 Rf2+ 49. Kg3 Rxb2 50. Rh5 Rb3 51. Rxa5
b6 52. Rb5 1-0

[Event "Klubbmesterskapet 2014 (B)"]
[Site "Ås, Akershus NOR"]
[Date "2014.02.27"]
[Round "5"]
[White "Thowsen, Alf Geir"]
[Black "Aalmo, Alexander"]
[Result "1/2-1/2"]
[WhiteElo "1173"]
[BlackElo "1098"]
[PlyCount "90"]
[EventDate "2014.01.16"]

1. d4 Nf6 2. c4 d5 3. cxd5 Qxd5 4. Nc3 Qd8 5. Nf3 Bg4 6. Ne5 Bh5 7. Qb3 Qc8 8.
e3 e6 9. Bc4 c6 10. O-O b5 11. Be2 Bxe2 12. Nxe2 Nbd7 13. Nd3 Bd6 14. Bd2 a5
15. Rac1 Ne4 16. Rfd1 O-O 17. Nc3 Nxd2 18. Rxd2 Qb7 19. Na4 Bb4 20. Nac5 Nxc5
21. Nxc5 Qc7 22. Rdc2 Qe7 23. a3 Bxc5 24. Rxc5 a4 25. Qd3 Rab8 26. Rxc6 b4 27.
Rc7 Qd6 28. R1c6 Qd8 29. axb4 Rxb4 30. Qa3 Qb8 31. g3 Rb3 32. Qxa4 Rxb2 33. Qa6
Qb4 34. Rc3 g6 35. Qa3 Rb1+ 36. Kg2 Qb5 37. Rc1 Qd5+ 38. Kg1 Rbb8 39. Qc5 Qf3
40. Qe5 Rb2 41. Qf4 Rxf2 42. Qxf3 Rxf3 43. Re1 Rb8 44. Kg2 Rf5 45. Re2 Kg7
1/2-1/2

[Event "Klubbmesterskapet 2014 (B)"]
[Site "Ås, Akershus NOR"]
[Date "2014.02.28"]
[Round "5"]
[White "Simonsen, Steinar"]
[Black "Stensland, Martin"]
[Result "0-1"]
[WhiteElo "1333"]
[BlackElo "1170"]
[Annotator "Furnes,Torstein"]
[PlyCount "44"]
[EventDate "2014.01.16"]

1. c4 e5 2. Nc3 Nf6 3. Nf3 Nc6 4. g3 Be7 5. Bg2 O-O 6. O-O a6 ({Relevant:} 6...
d6 7. d4 h6 8. dxe5 Nxe5 9. b3 Nxf3+ 10. Bxf3 c6 11. Bg2 Qa5 12. Bb2 Qh5 13. e4
Bg4 14. f3 Bh3 15. Bxh3 Qxh3 16. Qe2 Rfe8 17. Rad1 Rad8 18. Qg2 Qe6 19. Ne2 Bf8
20. Nd4 Qc8 21. Nf5 Qe6 22. Nd4 Qc8 23. Ne2 Nd7 24. Nf4 a6 25. Kh1 b5 26. Rc1
Qb7 27. Qc2 Rc8 28. Qc3 Ne5 29. Nd3 bxc4 30. Nxe5 Rxe5 31. Qxc4 Rc5 32. Qd3 Qb5
33. Rfd1 Rxc1 34. Bxc1 Qxd3 35. Rxd3 f6 36. Bd2 {Bogdan,D (2367)-Hegedus,I 
(2342) Slanic Moldova 2011 1-0}) 7. d4 exd4 8. Nxd4 Ne5 9. b3 h6 $146 {En
nyhet som ikke er tidligere spilt i ChessBase sin database.} ({Predecessor (2):
} 9... Bc5 10. Bb2 d6 11. Nd5 c6 12. Nxf6+ Qxf6 13. Qc2 Qh6 14. Nf5 Qg5 15. Nd4
Qh5 16. Nf3 f6 17. Nxe5 fxe5 18. a3 Bg4 19. e3 Bh3 20. b4 Bb6 21. c5 dxc5 22.
bxc5 Bxg2 23. Kxg2 Qf3+ 24. Kg1 Bc7 25. Rad1 h5 26. Rd7 Rac8 27. Qg6 Rf7 28.
Qe6 Qf6 29. Qc4 Qf5 30. Rdd1 Kh8 31. e4 Qg6 32. h4 Rf4 33. Kh2 Rxe4 34. Qd3 Rd8
35. Qf3 Rd5 36. Rxd5 cxd5 37. Qb3 Qc6 38. Qf3 Rg4 39. Qf8+ {Scarpellini,F 
(1941)-Pepa,S (1718) Ceriano Laghetto 2006 0-1 (72)}) 10. Bf4 d6 11. Qc2 Rb8
12. Rad1 c5 13. Bxe5 cxd4 14. Bxd4 Bd7 15. e4 Qc7 16. Rfe1 Rfe8 17. Bxf6 Bxf6
18. Nd5 Qd8 19. Nxf6+ Qxf6 20. Qd3 Bc6 21. Qxd6 Qc3 22. Rd3 $2 Qxe1+ {og svart
vant} 0-1

[Event "Klubbmesterskapet 2014 (B)"]
[Site "Ås, Akershus NOR"]
[Date "2014.02.27"]
[Round "5"]
[White "Aasestad, Tor Erik"]
[Black "Lange, Christine Julia"]
[Result "1-0"]
[WhiteElo "876"]
[BlackElo "510"]
[PlyCount "67"]
[EventDate "2014.01.16"]

1. e4 e5 2. Nf3 Nc6 3. Bb5 Nf6 4. O-O d6 5. Re1 Bd7 6. d4 Qe7 7. d5 Nb4 8. a4
c6 9. dxc6 bxc6 10. Bc4 d5 11. exd5 e4 12. dxc6 Nxc6 13. Nc3 Ne5 14. Nxe5 Qxe5
15. Nxe4 Be7 $2 16. Nd6+ $1 Bxd6 17. Rxe5+ Bxe5 18. Qe2 O-O 19. Qxe5 Rae8 20.
Qd6 Re1+ 21. Bf1 Rfe8 22. Qa3 Ne4 23. Be3 Rxa1 24. Qxa1 Nd6 25. Bxa7 Ra8 26.
Bc5 Rxa4 27. Qd1 Ne4 28. Qxd7 Ra8 29. Qc6 Rd8 30. Qxe4 g6 31. b4 Kg7 32. Qe5+
Kh6 33. Be3+ g5 34. Qxg5# 1-0

[Event "Klubbmesterskapet 2014 (B)"]
[Site "Ås, Akershus NOR"]
[Date "2014.03.06"]
[Round "6"]
[White "Olsen, Trygve"]
[Black "Aasestad, Tor Erik"]
[Result "0-1"]
[WhiteElo "1246"]
[BlackElo "876"]
[Annotator "Lea, Per"]
[PlyCount "54"]
[EventDate "2014.01.16"]

1. e4 c6 2. f4 d5 3. e5 Bf5 4. Nf3 f6 5. Be2 e6 6. O-O Bc5+ 7. d4 Bb6 8. b4 a5
9. c3 Nd7 10. Kh1 Ne7 11. Nh4 O-O 12. Nd2 $2 {En liten fingerfeil som koster
en bonde - og partiet. Med en så stor ratingforskjell, er det imponerende av
svart å holde på initiativet og sakte men sikkert øke fordelen.} axb4 13. Qb3
bxc3 14. Qxc3 fxe5 15. fxe5 Ra4 16. Nb3 Be4 17. Nf3 Nf5 18. Be3 Bxf3 19. Bxf3
Rc4 20. Qd2 c5 21. Rac1 cxd4 22. Bg5 Qc7 23. Rxc4 dxc4 24. Rc1 Nxe5 25. Be4 c3
26. Qe1 Qd6 27. Bxb7 Nd3 0-1

[Event "Klubbmesterskapet 2014 (B)"]
[Site "Follo, Akershus NOR"]
[Date "2014.03.30"]
[Round "6"]
[White "Stensland, Martin"]
[Black "Thowsen, Alf Geir"]
[Result "0-1"]
[WhiteElo "1170"]
[BlackElo "1173"]
[PlyCount "52"]
[EventDate "2014.01.16"]

1. b3 e5 2. Bb2 Nc6 3. e3 Nf6 4. Bb5 d6 5. Nf3 Bd7 6. O-O a6 {[%eval -1,16]} 7.
Bxc6 {[%eval -17,14]} ({Relevant:} 7. Be2 Be7 8. c4 O-O 9. Nc3 Re8 10. d3 Bf8
11. a3 h6 12. b4 Bf5 13. Nd2 Bg6 14. Rc1 d5 15. cxd5 Nxd5 16. Nce4 Nf6 17. Qb3
Nxe4 18. Nxe4 Qd7 19. Rfd1 Rad8 20. Nc5 Bxc5 21. Rxc5 Kh7 22. a4 f6 23. Qc3 Qe6
24. b5 axb5 25. axb5 Ne7 26. e4 c6 27. bxc6 Nxc6 28. Qc4 Nd4 29. Bxd4 Rxd4 30.
Qxe6 Rxe6 31. Rb5 b6 32. Rdb1 Rdd6 33. g3 Be8 34. R5b3 b5 35. f4 Re7 36. Kf2
Rc7 {Artemiev,V (2524)-Akopian,V (2691) Khanty-Mansiysk 2013 1/2-1/2 (79)})
7... Bxc6 {[%eval -1,17]} 8. d3 {[%eval -9,16]} Be7 {[%eval -4,18]} 9. Nbd2 {
[%eval -5,16]} O-O {[%eval -4,17]} 10. e4 {[%eval -5,14]} Re8 {[%eval 0,16]}
11. Nh4 $2 {[%eval -133,20]} ({Predecessor (2):} 11. Nc4 b5 12. Ne3 Bf8 13. Qe2
Bd7 14. c4 c5 15. Qc2 Nh5 16. g3 Bh3 17. Rfc1 b4 18. a3 a5 19. Ra2 g6 20. Rca1
Rb8 21. axb4 axb4 22. Bc1 Ng7 23. Nd5 Ne6 24. Be3 Bg4 25. Ne1 Nc7 26. Nxc7 Qxc7
27. Ra7 Rb7 28. Qa2 Reb8 29. Qa5 Rxa7 30. Qxa7 Rb7 31. Qa5 Qc6 32. f3 Bc8 33.
Bg5 Kg7 34. Qa2 h6 35. Bd2 f5 36. Qb2 Kh8 37. Ra5 g5 38. Qa2 Bg7 39. Ra8 Rb6
40. Ra7 Rb7 {Briza,J (1938)-Holeksa,M (2057) Czechia 2012 1/2-1/2}) 11... Nxe4
{[%eval -132,18]} 12. Nf5 {[%eval -133,18]} Nf6 {[%eval -134,16]} 13. Re1 {
[%eval -150,16]} Qd7 {[%eval -138,18]} 14. Nxe7+ {[%eval -139,18]} Rxe7 {
[%eval -135,16]} 15. h3 {[%eval -200,16]} Rae8 {[%eval -142,16]} 16. Re3 {
[%eval -158,17]} Re6 {[%eval -136,16]} 17. Nf3 {[%eval -324,19]} Nd5 {[%eval
-345,17]} 18. Re1 {[%eval -440,17]} Nf4 {[%eval -307,19]} 19. Bc1 {[%eval -308,
20]} Nxh3+ {[%eval -315,21]} 20. gxh3 {[%eval -308,18]} Rg6+ {[%eval -307,22]}
21. Kh2 {[%eval -307,19]} Qf5 {[%eval -306,19]} 22. Re4 {[%eval -312,16]} Bxe4
{[%eval -203,20]} 23. dxe4 {[%eval -206,21]} Qxe4 {[%eval -207,19]} 24. Be3 {
[%eval -291,18]} h6 {[%eval -195,17]} 25. Qe2 {[%eval -352,18]} Ree6 {[%eval
-241,16]} 26. Re1 {[%eval -602,19]} Ref6 {[%eval -595,17]} 0-1

[Event "Klubbmesterskapet 2014 (B)"]
[Site "Ås, Akershus NOR"]
[Date "2014.03.06"]
[Round "6"]
[White "Lange, Magnus Øyvind"]
[Black "Heien, Aksel"]
[Result "0-1"]
[WhiteElo "649"]
[BlackElo "936"]
[Annotator "Furnes,Torstein"]
[PlyCount "69"]
[EventDate "2014.01.16"]

1. e4 e5 2. Bc4 Nf6 3. Nf3 Nc6 4. Ng5 d5 5. exd5 Na5 6. Bb5+ c6 7. dxc6 bxc6 8.
Ba4 h6 9. Nf3 e4 10. Ne5 Qd4 11. Bxc6+ Nxc6 12. Nxc6 Qc5 13. Nxa7 Qxa7 ({
Relevant:} 13... Bg4 14. f3 exf3 15. gxf3 Be6 16. Nc3 Qxa7 17. Qe2 Be7 18. Qb5+
Nd7 19. Qc6 O-O 20. Nd5 Bh4+ 21. Kd1 Ne5 22. Qb5 Nxf3 23. Ne3 Rad8 24. d3 Bg5
25. Nc4 Nd4 26. Qb6 Bg4+ 27. Ke1 Qe7+ 28. Kf2 Qe2+ 29. Kg3 {0-1 (29)
Phanikanth,J (2161)-Trenner,R (2261) Olomouc 2002}) 14. Nc3 Bf5 $146 {En nyhet
som ikke er tidligere spilt i Chessbase sin database.} ({Predecessor (2):} 
14... Bc5 15. O-O O-O 16. h3 Re8 17. b3 Ba6 18. Ne2 Rad8 19. Bb2 e3 20. d4
exf2+ 21. Rxf2 Bxe2 22. Rxe2 Rxe2 23. Qxe2 Bxd4+ 24. Kh1 Bxb2 25. Rd1 Rxd1+ 26.
Qxd1 Qa5 27. a4 Ne4 28. Qb1 Nf2+ 29. Kg1 Bd4 30. Kf1 Qa6+ 31. c4 Qf6 32. Ke2
Qe5+ 33. Kf1 Qf4 34. Ke2 Qe3+ 35. Kf1 Nd3 36. Qxd3 Qf2# {0-1 (36) Junk,P (1443)
-Kolchugina,L (1074) Oberhof 2012}) 15. d3 Bb4 16. Be3 Bxc3+ 17. bxc3 Qc7 18.
dxe4 Nxe4 19. Qd5 Qc8 20. Qe5+ Kf8 21. Bc5+ Nxc5 22. Qd6+ Kg8 23. O-O Ne4 24.
Qd5 Nxc3 25. Qb3 Ne2+ 26. Kh1 Qxc2 27. Qd5 Be4 28. Qe5 Bd3 29. Qd5 Be4 30. Qe5
Qc4 31. f3 Bd3 32. Rfe1 Rxa2 33. Rad1 Kh7 34. h3 f6 35. Qh2 0-1

[Event "Klubbmesterskapet 2014 (B)"]
[Site "Ås, Akershus NOR"]
[Date "2014.03.20"]
[Round "7"]
[White "Aasestad, Tor Erik"]
[Black "Aalmo, Alexander"]
[Result "1-0"]
[WhiteElo "876"]
[BlackElo "1098"]
[Annotator "Lea, Per"]
[PlyCount "29"]
[EventDate "2014.01.16"]

1. d4 g6 2. e4 Bg7 3. Nf3 d6 4. Nc3 Nc6 5. h3 e5 {Etter trekkomkastning er
spillerne kommet inn i en variant av Pirc} 6. d5 Nce7 7. Bc4 {Hvit står
allerede bra} f5 8. O-O fxe4 9. Ng5 Nf6 10. Re1 {Hvit kunne uten fare sått på
e4 med en gang} b6 $2 {En farlig svekkelse av c6-feltet} (10... Bf5) ({eller} 
10... O-O {er to forslag til forbedringer}) 11. a4 (11. Bb5+ Kf8 {er enklere!})
11... Bb7 $4 {Tapstrekket. Svart burde nok ha rokert seg ut av de verste
problemene.} 12. Bb5+ ({Enda bedre er} 12. Ne6 {som vinner offiser.}) 12... c6
13. dxc6 Nxc6 14. Ne6 Qc7 $4 {Et sånt tilfelle av sjakkblindhet som rammer oss
alle...} 15. Nxc7+ 1-0

[Event "Klubbmesterskapet 2014 (B)"]
[Site "Ås, Akershus NOR"]
[Date "2014.03.20"]
[Round "7"]
[White "Lange, Christine"]
[Black "Garmark, Vegard"]
[Result "0-1"]
[WhiteElo "510"]
[BlackElo "1254"]
[PlyCount "88"]
[EventDate "2014.01.16"]

1. e4 e6 2. d4 d5 3. e5 c5 4. Nf3 Nc6 5. c3 Qb6 6. Be2 Nge7 7. Be3 {[%eval
-112,18]} Qxb2 {[%eval -111,17]} 8. Nbd2 {[%eval -141,18]} Qxc3 {[%eval -140,
17]} 9. dxc5 {[%eval -158,17]} Nf5 {[%eval -154,17]} 10. Qb3 {[%eval -753,14]}
Qxb3 {[%eval -151,15]} (10... Qxa1+ {[%eval -753,14]}) 11. Nxb3 {[%eval -159,
18]} Nxe3 {[%eval -158,18]} 12. fxe3 {[%eval -155,16]} g6 {[%eval -118,16]} 13.
O-O {[%eval -143,15]} Bg7 {[%eval -136,18]} 14. Bb5 {[%eval -137,19]} O-O {
[%eval -133,17]} 15. Nbd4 {[%eval -205,19]} Nxe5 {[%eval -199,17]} 16. c6 {
[%eval -314,20]} bxc6 {[%eval -315,18]} 17. Nxc6 {[%eval -416,19]} Nxc6 {
[%eval -328,20]} 18. Bxc6 {[%eval -329,21]} Bxa1 {[%eval -341,19]} 19. Bxa8 {
[%eval -329,20]} Ba6 {[%eval -261,22]} 20. Rxa1 {[%eval -262,20]} Rxa8 {[%eval
-262,18]} 21. Rc1 {[%eval -272,19]} Rb8 {[%eval -245,16]} 22. Rc6 {[%eval -335,
21]} Rb1+ {[%eval -324,19]} 23. Kf2 {[%eval -328,17]} Rf1+ {[%eval -187,13]}
24. Kg3 {[%eval -188,19]} Bc4 {[%eval -177,18]} 25. Nd2 {[%eval -196,20]} Rc1 {
[%eval -190,18]} 26. Nxc4 {[%eval -198,21]} Rxc4 {[%eval -197,23]} 27. Ra6 {
[%eval -191,21]} Rc7 {[%eval -187,19]} 28. Kf4 {[%eval -192,17]} Kg7 {[%eval
-190,18]} 29. Ke5 {[%eval -259,20]} Rc2 {[%eval -238,18]} 30. g4 {[%eval -367,
23]} Rxh2 {[%eval -357,20]} 31. Rxa7 {[%eval -367,21]} Rh4 {[%eval -358,19]}
32. Kf4 {[%eval -513,23]} h5 {[%eval -500,21]} 33. a4 {[%eval -541,23]} Rxg4+ {
[%eval -528,22]} 34. Ke5 {[%eval -897,20]} Re4+ {[%eval -844,13]} 35. Kd6 {
[%eval -845,23]} Rxe3 {[%eval -844,22]} 36. a5 {[%eval -867,22]} Ra3 {[%eval
-793,22]} 37. a6 {[%eval -988,22]} h4 {[%eval -983,20]} 38. Kc6 {[%eval -1322,
21]} h3 {[%eval -1321,23]} 39. Kb6 {[%eval -32723,14]} h2 {[%eval -32725,14]}
40. Rc7 {[%eval -32731,11]} h1=Q {[%eval -32731,13]} 41. a7 {[%eval -32737,8]}
Qb1+ {[%eval -32735,10]} 42. Kc6 {[%eval -32735,9]} Qc2+ {[%eval -32737,16]}
43. Kb7 {[%eval -32749,9]} Rxa7+ {[%eval -32751,9]} 44. Kxa7 {[%eval -32751,9]}
Qxc7+ {[%eval -32753,10]} 0-1

[Event "Klubbmesterskapet 2014 (B)"]
[Site "Ås, Akershus NOR"]
[Date "2014.03.20"]
[Round "7"]
[White "Lange, Magnus"]
[Black "Petersen, Rune"]
[Result "1/2-1/2"]
[WhiteElo "649"]
[BlackElo "872"]
[PlyCount "51"]
[EventDate "2014.01.16"]

1. e4 d6 2. d4 e6 3. Nf3 {[%eval 61,16]} Be7 {[%eval 62,16]} 4. Nc3 {[%eval 61,
15]} a6 {[%eval 102,15]} 5. Be2 {[%eval 78,16]} Bd7 {[%eval 125,16]} 6. Bf4 {
[%eval 101,16]} Nc6 {[%eval 141,18]} 7. d5 {[%eval 140,17]} Ne5 {[%eval 179,17]
} 8. Bxe5 {[%eval 148,19]} dxe5 {[%eval 149,17]} 9. Nxe5 {[%eval 148,16]} Nf6 {
[%eval 170,14]} 10. dxe6 {[%eval 64,14]} fxe6 {[%eval 143,14]} 11. Nxd7 {
[%eval 119,15]} Nxd7 {[%eval 173,16]} 12. Bh5+ {[%eval 85,19]} g6 {[%eval 86,
17]} 13. Bg4 {[%eval 85,17]} Nc5 {[%eval 86,16]} 14. Qxd8+ {[%eval 37,17]} Rxd8
{[%eval 38,16]} 15. O-O {[%eval -4,19]} Bf6 {[%eval -7,17]} 16. Rfe1 {[%eval
-16,19]} Bxc3 {[%eval -15,20]} 17. bxc3 {[%eval -17,18]} O-O {[%eval 33,18]}
18. h3 {[%eval -16,19]} Rd2 {[%eval -15,19]} 19. Bf3 {[%eval -93,19]} Rxc2 {
[%eval -92,19]} 20. Re3 {[%eval -158,18]} e5 {[%eval -99,18]} 21. a3 {[%eval
-135,18]} Rd2 {[%eval -89,19]} 22. Rd1 {[%eval -89,21]} Rxd1+ {[%eval -80,20]}
23. Bxd1 {[%eval -90,21]} Rf4 {[%eval -52,19]} 24. Bc2 {[%eval -53,19]} b5 {
[%eval 15,21]} 25. g3 {[%eval -18,22]} Rf7 {[%eval -15,20]} 26. Bd1 {[%eval
-62,19]} 1/2-1/2